Business Communication/ (Record no. 13852)

000 -LEADER
fixed length control field 00669nam a22001817a 4500
008 - FIXED-LENGTH DATA ELEMENTS--GENERAL INFORMATION
fixed length control field 160920b xxu||||| |||| 00| 0 eng d
020 ## - INTERNATIONAL STANDARD BOOK NUMBER
International Standard Book Number 0534928978
050 ## - LIBRARY OF CONGRESS CALL NUMBER
Classification number HF 5721
Item number .H5 1992
100 ## - MAIN ENTRY--PERSONAL NAME
Personal name Himstreet, William C.
245 ## - TITLE STATEMENT
Title Business Communication/
Statement of responsibility, etc. William C. HImstreet, Wayne Murlin Baty and Carol M .lehman
250 ## - EDITION STATEMENT
Edition statement 10th ed.
260 ## - PUBLICATION, DISTRIBUTION, ETC. (IMPRINT)
Place of publication, distribution, etc. Belmont:
Name of publisher, distributor, etc. Wadsworth publishing company;
Date of publication, distribution, etc. 1992.
300 ## - PHYSICAL DESCRIPTION
Extent xxxi,791p. :ill. ;
Other physical details Includes bibliographical references and index
650 ## - SUBJECT ADDED ENTRY--TOPICAL TERM
Topical term or geographic name as entry element Commercial correspodences.
650 ## - SUBJECT ADDED ENTRY--TOPICAL TERM
Topical term or geographic name as entry element Business report writting .
650 ## - SUBJECT ADDED ENTRY--TOPICAL TERM
Topical term or geographic name as entry element Business communication.
942 ## - ADDED ENTRY ELEMENTS (KOHA)
Source of classification or shelving scheme
Koha item type Hard Covered Materials
Classification part HF 5721 .H5 1992
Holdings
Withdrawn status Lost status Source of classification or shelving scheme Damaged status Not for loan Home library Current library Shelving location Date acquired Source of acquisition Total Checkouts Full call number Barcode Date last seen Price effective from Koha item type
          MACHAKOS UNIVERSITY LIBRARY MACHAKOS UNIVERSITY LIBRARY Open shelf 20/09/2016 Donation(BFA)   HF 5721 .H5 1992 21314 20/09/2016 20/09/2016 Hard Covered Materials
© Machakos University Library, Along The Highway, Machakos Wote Rd, Machakos, Kenya P.O. Box 136 - 90100 Machakos - Kenya

Tel: ( +254 ) 723 805829 OR Fax : 044-20353 OR Email: library@mksu.ac.ke